<?xml version="1.0" encoding="UTF-8"?>
<marc:record xmlns:marc="http://www.loc.gov/MARC21/slim">
   <marc:leader>00000nam a2200000 a 4500</marc:leader>
   <marc:datafield ind1="1" ind2=" " tag="100">
      <marc:subfield code="a">Hilmes, Oliver</marc:subfield>
      <marc:subfield code="4">aut</marc:subfield>
      <marc:subfield code="e">Verfasser/-in</marc:subfield>
   </marc:datafield>
   <marc:datafield ind1=" " ind2=" " tag="653">
      <marc:subfield code="a">Biografie</marc:subfield>
   </marc:datafield>
   <marc:datafield ind1=" " ind2=" " tag="653">
      <marc:subfield code="a">Wagner, Cosima</marc:subfield>
   </marc:datafield>
   <marc:datafield ind1="0" ind2="0" tag="245">
      <marc:subfield code="a">Herrin des Hügels</marc:subfield>
   </marc:datafield>
   <marc:datafield ind1="0" ind2="0" tag="245">
      <marc:subfield code="b">das Leben der Cosima Wagner</marc:subfield>
   </marc:datafield>
   <marc:datafield ind1=" " ind2="1" tag="264">
      <marc:subfield code="b">Siedler</marc:subfield>
      <marc:subfield code="c">2007</marc:subfield>
   </marc:datafield>
   <marc:datafield ind1="1" ind2=" " tag="520">
      <marc:subfield code="a">Audf der Basis neuer Quellenfunde schildert Oliver hilmes das widersprüchliche Leben der Cosima Wagner (1837-1930) Ihre Ehe mit Richard Wagner begriff sie als künstlerische und weltanschauliche Mission. Als Festspielleiterin auf dem Grünen Hügel in Bayreuth verhalf sie der Musik Wagners zum großen Durchbruck. Die Biographie entfaltet ein faszinierendes Frauenleben und beleuchtet zugleich ein noch unbekanntes Kapitel der europäischen Kulturgeschichte.</marc:subfield>
   </marc:datafield>
   <marc:datafield ind1=" " ind2=" " tag="020">
      <marc:subfield code="a">9783886808366</marc:subfield>
      <marc:subfield code="9">9783886808366</marc:subfield>
   </marc:datafield>
</marc:record>
